000 00258nam a22001217a 4500
041 _aENG
100 _aMulugetta.Y
245 _aEnergy For Rural Livelihoods
260 _aDelhi
_bItdg Pub
_c2005
300 _a154
650 _aEOES
856 _uEOES ( 12 )
999 _c1205
_d1205